The voiced pronounciation of initial phonemes predicts the gender of names/ (Record no. 5999)
[ view plain ]
| 000 -LEADER | |
|---|---|
| fixed length control field | 00682nam a2200169 4500 |
| 008 - FIXED-LENGTH DATA ELEMENTS--GENERAL INFORMATION | |
| fixed length control field | 161208b xxu||||| |||| 00| 0 eng d |
| 022 ## - INTERNATIONAL STANDARD SERIAL NUMBER | |
| International Standard Serial Number | 00223514 |
| 082 ## - DEWEY DECIMAL CLASSIFICATION NUMBER | |
| Classification number | DPer 155.205 J82 Feb- Apr 2016 v. 110, n. 2 - 4 |
| 100 ## - MAIN ENTRY--PERSONAL NAME | |
| 9 (RLIN) | 18212 |
| Personal name | Slepian, Michael L. |
| 245 ## - TITLE STATEMENT | |
| Title | The voiced pronounciation of initial phonemes predicts the gender of names/ |
| Statement of responsibility, etc. | Michael L. Slepian and Adam D. Galinsky. |
| 260 ## - PUBLICATION, DISTRIBUTION, ETC. (IMPRINT) | |
| Place of publication, distribution, etc. | Washington DC: |
| Name of publisher, distributor, etc. | American Psychological Association, |
| Date of publication, distribution, etc. | ©Feb-Apr 2016. |
| 300 ## - PHYSICAL DESCRIPTION | |
| Extent | v110 n4, pages 509-527; |
| Other physical details | |
| Dimensions | 11 cm. |
| 500 ## - GENERAL NOTE | |
| General note | Journal of personality and social psychology. |
| 650 #0 - SUBJECT ADDED ENTRY--TOPICAL TERM | |
| 9 (RLIN) | 19815 |
| Topical term or geographic name as entry element | Names |
| General subdivision | Gender |
| 700 ## - ADDED ENTRY--PERSONAL NAME | |
| 9 (RLIN) | 18214 |
| Personal name | Galinsky, Adam D. |
| Relator term | Author |
| 942 ## - ADDED ENTRY ELEMENTS (KOHA) | |
| Source of classification or shelving scheme | Dewey Decimal Classification |
| Koha item type | Periodicals |
| Withdrawn status | Lost status | Source of classification or shelving scheme | Damaged status | Not for loan | Collection code | Home library | Current library | Date acquired | Total Checkouts | Full call number | Date last seen | Price effective from | Koha item type | Public note |
|---|---|---|---|---|---|---|---|---|---|---|---|---|---|---|
| Dewey Decimal Classification | Periodicals | UM Digos College - LIC | UM Digos College - LIC | 12/08/2016 | DPer 155.205 J82 Feb- Apr 2016 v. 110, n. 2 - 4 | 12/08/2016 | 12/08/2016 | Periodicals | Periodical article |
